La dictadura económica frente a los presupuestos de 1874-1875 ó sea Proyectos de decretos para la salvación de la Hacienda... / (Record no. 47931)

MARC details
000 -LEADER
campo de control de longitud fija 00653nam a22001815i 4500
001 - NÚMERO DE CONTROL
campo de control 47931
003 - IDENTIFICADOR DE NÚMERO DE CONTROL
campo de control ES-MaACL
005 - FECHA Y HORA DE LA ÚLTIMA TRANSACCIÓN
campo de control 20230906161650.0
007 - CAMPO FIJO DE DESCRIPCIÓN FÍSICA--INFORMACIÓN GENERAL
campo de control de longitud fija t|
008 - DATOS DE LONGITUD FIJA--INFORMACIÓN GENERAL
campo de control de longitud fija 981117s1874 sp ||||1| spa d
100 1# - ENTRADA PRINCIPAL--NOMBRE DE PERSONA
Nombre de persona Cubero, Vidal.
9 (RLIN) 41931
245 13 - MENCIÓN DEL TÍTULO
Título La dictadura económica frente a los presupuestos de 1874-1875 ó sea Proyectos de decretos para la salvación de la Hacienda... /
Mención de responsabilidad, etc. por Vidal Cubero.
260 ## - PUBLICACIÓN, DISTRIBUCIÓN, ETC.
Lugar de publicación, distribución, etc. Madrid :
Nombre del editor, distribuidor, etc. [s.n.],
Fecha de publicación, distribución, etc. 1874 (
Fabricante Imp. de Manuel Tello)
300 ## - DESCRIPCIÓN FÍSICA
Extensión 24 p. ;
Dimensiones 21 cm.
650 #4 - PUNTO DE ACCESO ADICIONAL DE MATERIA--TÉRMINO DE MATERIA
Término de materia o nombre geográfico como elemento de entrada Presupuestos-
Subdivisión geográfica España.
9 (RLIN) 152607
740 02 - ENTRADA AGREGADA--TÍTULO RELACIONADO/ANALÍTICO NO CONTROLADO
Título relacionado o analítico no controlado Proyectos de decretos para la salvación de la Hacienda.
852 4# - LOCALIZACIÓN
Ubicación ES-MaACL
Número de control de estantería T-165-F-2
Holdings
Estatus retirado Estado de pérdida Estado de daño No para préstamo Colección Biblioteca de origen Biblioteca actual Ubicación en estantería Fecha de adquisición Fuente de adquisición Total de préstamos Signatura topográfica completa Código de barras Visto por última vez Precio de reemplazo Tipo de ítem Koha
        Colección de folletos Biblioteca del Ateneo de Madrid Biblioteca del Ateneo de Madrid Depósito folletos 17/01/2008     T-165-F-2 1050442 23/02/2023 23/02/2023 Folleto